[Event "Iberoamerican-ch 8th"]
[Site "Mexico City"]
[Date "2022.02.17"]
[Round "7"]
[White "Mares, Arellano Juan Anton"]
[Black "Zarate Manjarrez, Alfredo"]
[Result "0-1"]
[WhiteElo "1812"]
[BlackElo "2026"]
[PlyCount "88"]
[EventDate "2022.02.12"]
[EventType "swiss"]
[EventRounds "9"]
[EventCountry "MEX"]
[SourceTitle "CBM 206 Extra"]
[Source "ChessBase"]
[SourceDate "2022.03.31"]
[SourceVersion "1"]
[SourceVersionDate "2022.03.31"]
[SourceQuality "1"]

1. e4 c5 2. Nf3 e6 3. d4 cxd4 4. Nxd4 Nf6 5. Bd3 d6 6. 0-0 Be7 7. b3 0-0 8. Bb2 b6 9. c4 Bb7 10. Qe2 Nbd7 11. Nc3 a6 12. Rad1 Qc7 13. Bb1 Rfe8 14. f4 Bf8 15. Rf3 g6 16. Nc2 Bg7 17. Ne1 Rad8 18. Rc1 Qb8 19. b4 Rc8 20. g3 h5 21. Rf1 Qa7 22. Bd3 b5+ 23. Kg2 bxc4 24. Bxc4 Nxe4 25. Nxe4 Bxe4+ 26. Qxe4 Bxb2 27. Rd1 d5 28. Qe2 Rxc4 29. Qxb2 Rec8 30. Rf2 Qb7 31. Nd3 d4+ 32. Kg1 Qb6 33. Rb1 Nf6 34. Nc5 Ng4 35. Rd2 a5 36. a3 axb4 37. axb4 Ne3 38. Qb3 R8xc5 39. bxc5 Rc1+ 40. Kf2 Qc6 41. Qb8+ Kh7 42. Rxd4 Ng4+ 43. Ke2 Qg2+ 44. Kd3 Qc2# 0-1

[Event "Iberoamerican-ch 8th"]
[Site "Mexico City"]
[Date "2022.02.15"]
[Round "5"]
[White "Munoz Ricardo, Wazdin Antonio"]
[Black "Zarate Manjarrez, Alfredo"]
[Result "0-1"]
[WhiteElo "1745"]
[BlackElo "2026"]
[PlyCount "50"]
[EventDate "2022.02.12"]
[EventType "swiss"]
[EventRounds "9"]
[EventCountry "MEX"]
[SourceTitle "CBM 206 Extra"]
[Source "ChessBase"]
[SourceDate "2022.03.31"]
[SourceVersion "1"]
[SourceVersionDate "2022.03.31"]
[SourceQuality "1"]

1. e4 c5 2. Nf3 d6 3. d4 cxd4 4. Nxd4 Nf6 5. Nc3 g6 6. Bc4 Bg7 7. Bb3 Nc6 8. Nxc6 bxc6 9. e5 dxe5 10. Qf3 Qc7 11. Bg5 0-0 12. Bxf6 exf6 13. 0-0-0 f5 14. Nb5 Qb6 15. Nd6 Be6 16. Bxe6 fxe6 17. Nc4 Qa6 18. b3 e4 19. Qf4 Qxa2 20. Rd7 Qa1+ 21. Kd2 Bc3+ 22. Ke2 Qxh1 23. Rd1 Qxg2 24. Qd6 Qg4+ 25. Kf1 f4 0-1

[Event "Carlos Torre Memorial op 21st"]
[Site "Merida"]
[Date "2008.12.14"]
[Round "3"]
[White "Escobedo Tinajero, Alberto"]
[Black "Zarate Manjarrez, Alfredo"]
[Result "1-0"]
[WhiteElo "2356"]
[BlackElo "2084"]
[PlyCount "77"]
[EventDate "2008.12.13"]
[EventType "swiss"]
[EventRounds "9"]
[EventCountry "MEX"]
[SourceTitle "CBM 127 Extra"]
[Source "ChessBase"]
[SourceDate "2009.01.08"]
[SourceVersion "2"]
[SourceVersionDate "2009.01.28"]
[SourceQuality "1"]

1. d4 d5 2. c4 c6 3. Nc3 Nf6 4. Nf3 g6 5. Bf4 Bg7 6. e3 0-0 7. h3 dxc4 8. Bxc4 Nd5 9. Bxd5 cxd5 10. 0-0 a6 11. Qb3 e6 12. Na4 Nc6 13. Nb6 Na5 14. Qb4 Nc6 15. Qc5 Ra7 16. Bd6 Re8 17. b4 f6 18. a4 Bf8 19. Bxf8 Rxf8 20. Rac1 Kf7 21. Nxc8 Qxc8 22. b5 axb5 23. axb5 Ra5 24. Qb6 Qd8 25. Qxb7+ Ne7 26. Rc7 Re8 27. Rfc1 Qd6 28. Rd7 Qb4 29. b6 Kf8 30. Rcc7 Ra1+ 31. Kh2 Ra2 32. Rc6 Rxf2 33. Rxe6 Rxf3 34. Rdxe7 Rxe7 35. Qxe7+ Qxe7 36. Rxe7 Rf1 37. Rxh7 Rb1 38. b7 Kg8 39. Rc7 1-0

[Event "Fide Mercenarios 54th"]
[Site "Mexico City"]
[Date "2001.02.25"]
[Round "6"]
[White "Otero Garcia, Israel"]
[Black "Zarate Manjarrez, Alfredo"]
[Result "1-0"]
[WhiteElo "2099"]
[BlackElo "2219"]
[PlyCount "58"]
[EventDate "2001.02.??"]
[EventType "tourn"]
[EventRounds "9"]
[EventCountry "MEX"]
[SourceTitle "EXT 2003"]
[Source "ChessBase"]
[SourceDate "2002.11.25"]
[SourceVersion "1"]
[SourceVersionDate "2002.11.25"]
[SourceQuality "1"]

1. e4 e5 2. Nf3 Nf6 3. d4 Nxe4 4. Bd3 d5 5. Nxe5 Bd6 6. Nd2 Nxd2 7. Bxd2 Nc6 8. Bb5 Bxe5 9. dxe5 0-0 10. Bxc6 bxc6 11. 0-0 c5 12. Qf3 Rb8 13. b3 Rb6 14. Rad1 d4 15. c3 Bb7 16. Qh5 Qd5 17. f3 Re6 18. Bf4 Rfe8 19. Qh4 h6 20. Qf2 Rd8 21. Rd2 f6 22. exf6 Rxf6 23. Bxc7 Rd7 24. Bg3 d3 25. c4 Qf5 26. Re1 Qg5 27. Bh4 Qf5 28. Bxf6 gxf6 29. Qe3 Kg7 1-0

[Event "Fide Mercenarios 54th"]
[Site "Mexico City"]
[Date "2001.02.06"]
[Round "1"]
[White "Zarate Manjarrez, Alfredo"]
[Black "Gongora Montes, Benjamin"]
[Result "0-1"]
[WhiteElo "2219"]
[BlackElo "2280"]
[PlyCount "30"]
[EventDate "2001.02.??"]
[EventType "tourn"]
[EventRounds "9"]
[EventCountry "MEX"]
[SourceTitle "EXT 2002"]
[Source "ChessBase"]
[SourceDate "2001.11.25"]
[SourceVersion "1"]
[SourceVersionDate "2001.11.25"]
[SourceQuality "1"]

1. c4 e6 2. Nf3 Nf6 3. Nc3 d5 4. d4 Be7 5. g3 dxc4 6. Qa4+ Bd7 7. Qxc4 Bc6 8. Bg2 a6 9. a4 b5 10. axb5 axb5 11. Qxc6+ Nxc6 12. Rxa8 Qxa8 13. Ne5 Nd5 14. Nxd5 exd5 15. Bxd5 Qa5+ 0-1

[Event "Fide Mercenarios 41st"]
[Site "Mexico City"]
[Date "1999.04.10"]
[Round "7"]
[White "Araiza Munoz, Jose Joaquin1111"]
[Black "Zarate Manjarrez, Alfredo"]
[Result "0-1"]
[WhiteElo "2210"]
[BlackElo "2265"]
[PlyCount "60"]
[EventDate "1999.02.13"]
[EventType "tourn"]
[EventRounds "13"]
[EventCountry "MEX"]
[SourceTitle "EXT 2002"]
[Source "ChessBase"]
[SourceDate "2001.11.25"]
[SourceVersion "1"]
[SourceVersionDate "2001.11.25"]
[SourceQuality "1"]

1. d4 d5 2. Bg5 Nf6 3. Bxf6 exf6 4. e3 Bf5 5. Nd2 c6 6. Ne2 Bd6 7. g3 Qe7 8. Bg2 h5 9. h4 Na6 10. a3 Be4 11. Bxe4 dxe4 12. c4 Rd8 13. b4 f5 14. Qa4 Qd7 15. Nc3 Bb8 16. 0-0 0-0 17. Rfd1 Nc7 18. Rac1 Ne8 19. Nb3 Nf6 20. Nc5 Qc8 21. b5 b6 22. Na6 f4 23. Nxb8 Qh3 24. exf4 Ng4 25. Qc2 Qh2+ 26. Kf1 Qh1+ 27. Ke2 Qf3+ 28. Ke1 e3 29. fxe3 Qxg3+ 30. Ke2 Qf2+ 0-1

[Event "Fide Mercenarios 3th"]
[Site "Mexico City"]
[Date "1995.??.??"]
[Round "3"]
[White "Busto, Busto Hector"]
[Black "Zarate Manjarrez, Alfredo"]
[Result "0-1"]
[WhiteElo "2105"]
[BlackElo "2145"]
[PlyCount "62"]
[EventDate "1995.??.??"]
[EventType "tourn"]
[EventRounds "11"]
[EventCountry "MEX"]
[SourceTitle "EXT 2000"]
[Source "ChessBase"]
[SourceDate "1999.11.16"]
[SourceVersion "1"]
[SourceVersionDate "1999.11.16"]
[SourceQuality "1"]

1. d4 Nf6 2. Bg5 d5 3. e3 c6 4. Bd3 Nbd7 5. Nf3 e6 6. Nbd2 Qb6 7. Qc1 c5 8. c3 Bd6 9. 0-0 0-0 10. Qb1 h6 11. Bh4 Re8 12. Re1 Qc7 13. Qd1 b6 14. Rc1 Bb7 15. Bb1 Ne4 16. Bg3 Bxg3 17. hxg3 Qd6 18. Bd3 f5 19. Qe2 c4 20. Bc2 b5 21. Nf1 Bc6 22. N3d2 Ndf6 23. Qd1 Re7 24. f3 Nxg3 25. Nxg3 Qxg3 26. e4 fxe4 27. fxe4 Ng4 28. Nf3 Rf8 29. Qe2 Rxf3 30. Qxf3 Qh2+ 31. Kf1 Rf7 0-1

[Event "Fide Mercenarios 4th"]
[Site "Mexico City"]
[Date "1995.??.??"]
[Round "9"]
[White "Garcia, J."]
[Black "Zarate Manjarrez, Alfredo"]
[Result "1-0"]
[WhiteElo "2225"]
[BlackElo "2205"]
[PlyCount "59"]
[EventDate "1995.??.??"]
[EventType "tourn"]
[EventRounds "11"]
[EventCountry "MEX"]
[SourceTitle "EXT 2000"]
[Source "ChessBase"]
[SourceDate "1999.11.16"]
[SourceVersion "1"]
[SourceVersionDate "1999.11.16"]
[SourceQuality "1"]

1. e4 e6 2. d4 d5 3. Nc3 dxe4 4. Nxe4 Nd7 5. Nf3 Ngf6 6. Bg5 Be7 7. Ng3 h6 8. Bf4 c5 9. Bc4 Qa5+ 10. c3 0-0 11. 0-0 Nb6 12. Bb3 cxd4 13. cxd4 Nbd5 14. Bd2 Bb4 15. Bc1 Bd7 16. a3 Bd6 17. Ne5 Qc7 18. Re1 Bc6 19. Nh5 Nxh5 20. Qxh5 Nf6 21. Qh4 Bd5 22. Bxh6 Nh7 23. Qg3 f6 24. Rac1 Qe7 25. Ng6 Bxg3 26. Nxe7+ Kf7 27. Nxd5 gxh6 28. hxg3 exd5 29. Rc7+ Kg6 30. Ree7 1-0

[Event "Fide Mercenarios 4th"]
[Site "Mexico City"]
[Date "1995.??.??"]
[Round "11"]
[White "Norgaard, Jesper"]
[Black "Zarate Manjarrez, Alfredo"]
[Result "0-1"]
[WhiteElo "2335"]
[BlackElo "2205"]
[PlyCount "80"]
[EventDate "1995.??.??"]
[EventType "tourn"]
[EventRounds "11"]
[EventCountry "MEX"]
[SourceTitle "EXT 2000"]
[Source "ChessBase"]
[SourceDate "1999.11.16"]
[SourceVersion "1"]
[SourceVersionDate "1999.11.16"]
[SourceQuality "1"]

1. e4 c5 2. Nf3 e6 3. c3 d5 4. exd5 Qxd5 5. d4 Nc6 6. Bd3 Nf6 7. 0-0 cxd4 8. cxd4 Be7 9. Nc3 Qd8 10. a3 0-0 11. Bc2 b6 12. Qd3 Bb7 13. Re1 g6 14. Bh6 Re8 15. Rad1 Rc8 16. Ba4 a6 17. Ne5 b5 18. Bb3 Nxe5 19. dxe5 Qxd3 20. Rxd3 Ng4 21. Bf4 g5 22. Bc1 Rc5 23. f4 Rd8 24. Rxd8+ Bxd8 25. h3 Bb6 26. Kf1 Nh2+ 27. Ke2 Bxg2 28. Be3 gxf4 29. Bxf4 Nf3 30. Rd1 Ng5 31. Rd3 Ne4 32. Nb1 Bc7 33. Be3 Rxe5 34. Rd7 Bb6 35. Bxb6 Nc5+ 36. Kf2 Nxd7 37. Bd4 Re4 38. Bc3 Bxh3 39. Nd2 Rg4 40. Bd1 Rg6 0-1

[Event "Fide Mercenarios 4th"]
[Site "Mexico City"]
[Date "1995.??.??"]
[Round "10"]
[White "Zarate Manjarrez, Alfredo"]
[Black "De Winter, Willy"]
[Result "1-0"]
[WhiteElo "2205"]
[BlackElo "2170"]
[PlyCount "127"]
[EventDate "1995.??.??"]
[EventType "tourn"]
[EventRounds "11"]
[EventCountry "MEX"]
[SourceTitle "EXT 2000"]
[Source "ChessBase"]
[SourceDate "1999.11.16"]
[SourceVersion "1"]
[SourceVersionDate "1999.11.16"]
[SourceQuality "1"]

1. e4 c5 2. Nf3 d6 3. d4 cxd4 4. Nxd4 Nf6 5. Nc3 e6 6. Be3 a6 7. Bd3 Nc6 8. 0-0 Be7 9. Kh1 Qc7 10. f4 h5 11. Qe1 Bd7 12. Nf3 h4 13. h3 b5 14. a4 b4 15. Ne2 d5 16. Ng5 dxe4 17. Nxe4 Nd5 18. Bc5 Rh5 19. Bxe7 Ncxe7 20. Qf2 Nf5 21. Nd4 Nde3 22. Nxf5 Nxf5 23. Qf3 Bc6 24. Qxh5 Bxe4 25. Kh2 Bxd3 26. Qh8+ Ke7 27. Qxa8 Bxf1 28. Rxf1 a5 29. Rf2 g5 30. Qe4 Ng3 31. Qe5 Qxe5 32. fxe5 Ne4 33. Re2 Nc5 34. b3 f6 35. g3 f5 36. gxh4 gxh4 37. Kg2 Kf7 38. Kf3 Kg6 39. Kf4 Ne4 40. Re3 Nc3 41. Re1 Nd5+ 42. Kf3 Nc3 43. Rg1+ Kf7 44. Rg5 Nb1 45. Rh5 Na3 46. Rh7+ Kg6 47. Re7 Nb1 48. Rxe6+ Kf7 49. Ra6 Na3 50. Rc6 Nb1 51. Kf4 Nd2 52. Kg5 Nf3+ 53. Kf4 Ng1 54. Ra6 Nxh3+ 55. Ke3 Ng5 56. Rxa5 h3 57. Ra8 Kg7 58. Rd8 Kh6 59. a5 h2 60. Rd1 Nh3 61. Rh1 f4+ 62. Kf3 Ng1+ 63. Kxf4 Ne2+ 64. Ke3 1-0

[Event "Fide Mercenarios 3th"]
[Site "Mexico City"]
[Date "1995.??.??"]
[Round "9"]
[White "Zarate Manjarrez, Alfredo"]
[Black "Halfon, Enrique"]
[Result "1-0"]
[WhiteElo "2145"]
[BlackElo "2000"]
[PlyCount "102"]
[EventDate "1995.??.??"]
[EventType "tourn"]
[EventRounds "11"]
[EventCountry "MEX"]
[SourceTitle "EXT 2000"]
[Source "ChessBase"]
[SourceDate "1999.11.16"]
[SourceVersion "1"]
[SourceVersionDate "1999.11.16"]
[SourceQuality "1"]

1. e4 a6 2. d4 b5 3. Nf3 Bb7 4. Bd3 e6 5. 0-0 Nf6 6. Nbd2 Be7 7. c3 d6 8. Re1 0-0 9. Nf1 Nbd7 10. Ng3 Re8 11. b3 c5 12. Bb2 Qb6 13. Qd2 Rad8 14. Rad1 Nf8 15. Bb1 N6d7 16. Re2 Ng6 17. Bc1 h6 18. Qb2 Ndf8 19. Be3 Qc7 20. Red2 e5 21. d5 Nh7 22. a4 Bc8 23. axb5 axb5 24. Bd3 Bd7 25. Ra1 Rb8 26. Rdd1 Bf8 27. Ra2 Bg4 28. Be2 Nf4 29. h3 Bxf3 30. Bxf3 Ng5 31. Be2 Qd8 32. Bf1 g6 33. Qd2 Ngxh3+ 34. gxh3 Qh4 35. Kh2 g5 36. Nf5 Qh5 37. Bxf4 exf4 38. Bd3 g4 39. Qxf4 Qxh3+ 40. Kg1 c4 41. bxc4 bxc4 42. Bf1 Qxc3 43. Qxg4+ Kh7 44. Ra7 Qf6 45. Bxc4 Be7 46. Ng3 Kh8 47. Qf5 Qg7 48. Kg2 Rb2 49. e5 Rg8 50. Rd3 Qf8 51. exd6 Bxd6 1-0

[Event "Fide Mercenarios 4th"]
[Site "Mexico City"]
[Date "1995.??.??"]
[Round "1"]
[White "Zarate Manjarrez, Alfredo"]
[Black "Ruiz, Guillermo"]
[Result "0-1"]
[WhiteElo "2205"]
[BlackElo "2235"]
[PlyCount "68"]
[EventDate "1995.??.??"]
[EventType "tourn"]
[EventRounds "11"]
[EventCountry "MEX"]
[SourceTitle "EXT 2000"]
[Source "ChessBase"]
[SourceDate "1999.11.16"]
[SourceVersion "1"]
[SourceVersionDate "1999.11.16"]
[SourceQuality "1"]

1. e4 c5 2. Nf3 Nc6 3. c3 e6 4. d4 d5 5. e5 Qb6 6. a3 c4 7. Nbd2 Na5 8. Rb1 Bd7 9. b4 cxb3 10. c4 Ba4 11. Bd3 Ne7 12. c5 Qc7 13. Qe2 a6 14. Bb2 Nec6 15. Rc1 b6 16. Bxa6 bxc5 17. dxc5 Qa7 18. Bb5 Bxb5 19. Qxb5 Rb8 20. Qa4 Bxc5 21. 0-0 0-0 22. Ne1 Bd4 23. Rb1 Bxb2 24. Rxb2 Qd4 25. Qxd4 Nxd4 26. Nef3 Nxf3+ 27. gxf3 Rfc8 28. Rfb1 Rc3 29. a4 h6 30. Kg2 Kh7 31. Re1 Rb4 32. Ra1 Kg6 33. Nb1 Rc1 34. Ra3 Rc2 0-1

[Event "Fide Mercenarios 3th"]
[Site "Mexico City"]
[Date "1995.??.??"]
[Round "11"]
[White "Zarate Manjarrez, Alfredo"]
[Black "Vaca Kram, Luis"]
[Result "1-0"]
[WhiteElo "2145"]
[BlackElo "2000"]
[PlyCount "51"]
[EventDate "1995.??.??"]
[EventType "tourn"]
[EventRounds "11"]
[EventCountry "MEX"]
[SourceTitle "EXT 2000"]
[Source "ChessBase"]
[SourceDate "1999.11.16"]
[SourceVersion "1"]
[SourceVersionDate "1999.11.16"]
[SourceQuality "1"]

1. e4 c5 2. Nf3 Nc6 3. c3 d5 4. exd5 Qxd5 5. d4 Bg4 6. Be2 e6 7. Be3 Nf6 8. Na3 cxd4 9. Nb5 Rc8 10. Nbxd4 Be7 11. Qa4 a6 12. Nxc6 Rxc6 13. Rd1 Qh5 14. h3 0-0 15. Rg1 b5 16. hxg4 Nxg4 17. Qe4 Nxe3 18. fxe3 Rd6 19. Rxd6 Bxd6 20. Kf2 Qh6 21. Qh4 Qg6 22. Rd1 Bc7 23. Rd7 Bb6 24. Bd3 f5 25. Ne5 Qe8 26. Qg5 1-0